Top 125 NBA Players (2023) - Statistics

General Stats
  • This quiz has been taken 2,781 times
  • The average score is 86 of 125
Answer Stats
# Player Team % Correct
1 Giannis Antetokounmpo Milwaukee Bucks
99%
2 Kevin Durant Brooklyn Nets
99%
3 Nikola Jokić Denver Nuggets
99%
4 Stephen Curry Golden State Warriors
99%
9 Jayson Tatum Boston Celtics
98%
5 Joel Embiid Philadelphia 76ers
98%
8 LeBron James Los Angeles Lakers
98%
6 Luka Dončić Dallas Mavericks
98%
68 Seth Curry Brooklyn Nets
98%
14 Anthony Davis Los Angeles Lakers
97%
13 Ja Morant Memphis Grizzlies
97%
10 Jimmy Butler Miami Heat
97%
7 Kawhi Leonard Los Angeles Clippers
97%
11 Trae Young Atlanta Hawks
97%
15 Devin Booker Phoenix Suns
96%
12 James Harden Philadelphia 76ers
96%
19 Damian Lillard Portland Trail Blazers
95%
21 Jaylen Brown Boston Celtics
94%
35 Karl-Anthony Towns Minnesota Timberwolves
94%
18 Paul George Los Angeles Clippers
94%
37 Anthony Edwards Minnesota Timberwolves
93%
17 Chris Paul Phoenix Suns
93%
24 Kyrie Irving Brooklyn Nets
93%
25 Jamal Murray Denver Nuggets
92%
40 Klay Thompson Golden State Warriors
92%
22 Bam Adebayo Miami Heat
91%
43 Dejounte Murray Atlanta Hawks
91%
26 DeMar DeRozan Chicago Bulls
91%
31 Draymond Green Golden State Warriors
91%
20 Jrue Holiday Milwaukee Bucks
91%
23 Khris Middleton Milwaukee Bucks
91%
36 LaMelo Ball Charlotte Hornets
91%
16 Rudy Gobert Minnesota Timberwolves
91%
30 Shai Gilgeous-Alexander Oklahoma City Thunder
90%
29 Zach LaVine Chicago Bulls
90%
27 Donovan Mitchell Utah Jazz
89%
34 Zion Williamson New Orleans Pelicans
89%
32 Bradley Beal Washington Wizards
88%
73 Lonzo Ball Chicago Bulls
88%
28 Pascal Siakam Toronto Raptors
87%
38 Jaren Jackson Jr. Memphis Grizzlies
85%
54 Brandon Ingram New Orleans Pelicans
82%
41 Darius Garland Cleveland Cavaliers
82%
49 Domantas Sabonis Sacramento Kings
81%
121 Grant Williams Boston Celtics
81%
52 Robert Williams III Boston Celtics
81%
75 De'Aaron Fox Sacramento Kings
80%
51 Jalen Brunson New York Knicks
79%
45 Jarrett Allen Cleveland Cavaliers
79%
55 Tyrese Maxey Philadelphia 76ers
78%
33 Ben Simmons Brooklyn Nets
77%
39 CJ McCollum New Orleans Pelicans
77%
78 Anfernee Simons Portland Trail Blazers
76%
53 Deandre Ayton Phoenix Suns
76%
42 Fred VanVleet Toronto Raptors
76%
46 Marcus Smart Boston Celtics
76%
56 Andrew Wiggins Golden State Warriors
75%
48 Mikal Bridges Phoenix Suns
75%
50 Al Horford Boston Celtics
74%
44 Desmond Bane Memphis Grizzlies
74%
66 Kristaps Porziņģis Washington Wizards
74%
103 Reggie Jackson Los Angeles Clippers
74%
57 Evan Mobley Cleveland Cavaliers
73%
65 Jordan Poole Golden State Warriors
72%
76 Tyler Herro Miami Heat
72%
83 Brook Lopez Milwaukee Bucks
71%
110 Julius Randle New York Knicks
71%
59 Scottie Barnes Toronto Raptors
71%
107 Harrison Barnes Sacramento Kings
70%
63 Kyle Lowry Miami Heat
70%
67 Tyrese Haliburton Indiana Pacers
70%
60 Derrick White Boston Celtics
69%
99 Lauri Markkanen Cleveland Cavaliers
68%
64 Aaron Gordon Denver Nuggets
67%
84 Michael Porter Jr. Denver Nuggets
67%
124 Joe Harris Brooklyn Nets
66%
71 Tobias Harris Philadelphia 76ers
66%
87 Clint Capela Atlanta Hawks
65%
115 Russell Westbrook Los Angeles Lakers
64%
80 Cade Cunningham Detroit Pistons
62%
92 Nikola Vučević Chicago Bulls
60%
101 Cameron Johnson Phoenix Suns
59%
94 Keldon Johnson San Antonio Spurs
59%
62 Jonas Valančiūnas New Orleans Pelicans
58%
74 Myles Turner Indiana Pacers
58%
77 Dillon Brooks Memphis Grizzlies
57%
70 John Collins Atlanta Hawks
57%
81 Josh Giddey Oklahoma City Thunder
57%
58 OG Anunoby Toronto Raptors
57%
93 D'Angelo Russell Minnesota Timberwolves
56%
117 RJ Barrett New York Knicks
55%
109 Kevon Looney Golden State Warriors
54%
85 Mike Conley Utah Jazz
53%
113 Kyle Kuzma Washington Wizards
51%
69 Herbert Jones New Orleans Pelicans
50%
72 Jerami Grant Portland Trail Blazers
50%
47 Dorian Finney-Smith Dallas Mavericks
49%
79 Malcolm Brogdon Boston Celtics
49%
106 Spencer Dinwiddie Dallas Mavericks
48%
88 Terry Rozier Charlotte Hornets
48%
89 Franz Wagner Orlando Magic
47%
118 Alex Caruso Chicago Bulls
44%
95 Bogdan Bogdanović Atlanta Hawks
44%
100 Bojan Bogdanović Utah Jazz
44%
98 Kevin Love Cleveland Cavaliers
44%
120 Norman Powell Los Angeles Clippers
44%
82 De'Andre Hunter Atlanta Hawks
42%
105 Kentavious Caldwell-Pope Denver Nuggets
41%
111 Gordon Hayward Charlotte Hornets
40%
90 P.J. Tucker Philadelphia 76ers
40%
86 Jakob Poeltl San Antonio Spurs
39%
108 Kevin Huerter Sacramento Kings
37%
61 Gary Trent Jr. Toronto Raptors
36%
114 Luguentz Dort Oklahoma City Thunder
36%
119 Caris LeVert Cleveland Cavaliers
34%
91 Immanuel Quickley New York Knicks
33%
112 P.J. Washington Charlotte Hornets
33%
122 Marcus Morris Los Angeles Clippers
28%
97 Jae Crowder Phoenix Suns
25%
102 Patrick Beverley Los Angeles Lakers
25%
116 Maxi Kleber Dallas Mavericks
19%
125 Ayo Dosunmu Chicago Bulls
16%
104 Robert Covington Los Angeles Clippers
16%
96 Gary Payton II Portland Trail Blazers
15%
123 Quentin Grimes New York Knicks
13%
No matching quizzes found
Score Distribution
Percent of People with Each Score
Percentile by Number Answered
Your Score History
You have not taken this quiz